000 00783nam a2200265Ia 4500
008 180523s9999 xx 000 0 und d
020 _a981-240-478-3
050 _aMAIN HD 30.3
050 _b.A26 2001 c.2
100 _aAamodt, Michael G.
245 0 _aHuman relations in business :
245 0 _bdeveloping interpersonal and leadership skills /
245 0 _cMichael G. Aamodt, Bobbie L. Raynes.
260 _aSingapore :
260 _bThomson Learning,
260 _c2001
300 _a530 pages :
300 _c26 cm.
500 _aIncludes index.
650 _aCommunication in management.
650 _aInterpersonal communication.
650 _aSupervision of employees.
650 _xCustome relations.
650 _xSelf-management (Psychology).
999 _c356831
_d356831